| 000 | 00728nam a2200241 a 4500 | ||
|---|---|---|---|
| 001 | 19471 | ||
| 003 | CO-ViMGA | ||
| 008 | 141112s2004 ck r 000 u spa d | ||
| 020 | _a9507243917 | ||
| 040 |
_aCO-ViMGA _bspa _cCO-ViMGA |
||
| 082 | 0 | 4 | _a361.2 A484a |
| 100 | 1 |
_aAguilar Ibañez, María Jose _928067 |
|
| 245 | 1 | 0 | _aLa Acción social a nivel municipal |
| 260 | _aBuenos Aires; Lumen; 1994 | ||
| 300 | _a225 p | ||
| 490 | _aColección Política, Servicios y Trabajo Social | ||
| 590 | _aForma de adquisición : Premio Mincultura | ||
| 650 | 1 | 4 |
_aBIENESTAR SOCIAL Y GOBIERNO MUNICIPAL _928068 |
| 650 | 1 | 4 | _aPolítica SOCIAL |
| 650 | 1 | 4 |
_aSERVICIO SOCIAL _928069 |
| 650 | 1 | 4 |
_aTRABAJO SOCIAL _928070 |
| 942 |
_2ddc _cBK |
||
| 999 |
_c28612 _d28612 |
||